| 000 | 02574 a2200229 4500 | ||
|---|---|---|---|
| 001 | 25055 | ||
| 005 | 20260407155534.0 | ||
| 008 | 260407a2006 arg spa d | ||
| 003 | AR-UNSa-BCEJYS | ||
| 040 |
_aAR-UNSa-BCEJYS _bspa _cAR-UNSa-BCEJYS |
||
| 080 |
_a347.72 _xSociedades comerciales |
||
| 245 | 1 | 0 | _aCurso de derecho societario |
| 020 | _a978-950-894-576-7 | ||
| 250 | _a2a. ed. | ||
| 264 | 1 |
_aBuenos Aires : _bAD-HOC _c2006 |
|
| 300 |
_a620 p. _c23 cm. |
||
| 505 | _a1. Historia del derecho societario: sus actuales tendencias - 2. El contrato de sociedad comercial. Naturaleza de su acto constitutivo y elementos del contrato de sociedad - 3. Comercialidad de las sociedades. Diferencia con otros contratos asociativos. Clasificación de las sociedades - 4. Requisitos específicos del contrato de sociedad comercial - 5. La personalidad jurídica de las sociedades comerciales - 6. Formas de constitución. Publicidad y registración de sociedades comerciales - 7. El procedimiento societario - 8. Régimen de nulidad de las sociedades comerciales - 9. Irregularidad societaria - 10. Derechos y obligaciones de los socios - 11. Administración y representación de las sociedades comerciales - 12. De la documentación y de la contabilidad - 13. Reorganización de sociedades. Transformación, fusión y escisión - 14. Resolución parcial. Disolución y liquidación de sociedades - 15. Intervención judicial de sociedades comerciales - 16. Sociedades extranjeras - 17. Sociedades personalistas - 18. Sociedades personalistas. La sociedad civil - 19. Sociedades de responsabilidad limitada - 20. Sociedades anónimas. Constitución - 21. Sociedades Anónimas. El capital social - 22. Sociedad anónima, acciones, bonos debentures y obligaciones negociables - 23. Las asambleas de las sociedades anónimas - 24. El directorio - 25. El órgano de fiscalización de las sociedades anónimas. El consejo de vigilancia y la sindicatura. La fiscalización externa - 26. Sociedades anónimas con participación estatal mayoritaria y sociedades de economía mixta - 27. Las sociedades coorperativas - 28. Las sociedades de garantía recíproca - 29. Sociedades en comandita por acciones - 30. Los contratos de colaboración empresaria - 31. Breves reflexiones sobre las recientes resoluciones de la Inspección General de Justicia | ||
| 942 | _cBK | ||
| 590 | _aniveau_biblio:m niveau_hierar:0 | ||
| 100 | 1 | _aNissen, Ricardo Augusto | |
| 856 | 4 | 1 |
_uhttps://biblioeco.unsa.edu.ar/pmb/images/libros/Curso de Derecho Societario (2014).jpg _yImagen de portada _qimage/jpeg |
| 999 |
_c1281 _d1281 |
||